| 000 | 00824cam a2200229 a 4500 | ||
|---|---|---|---|
| 020 |
_a9780071101127 _cTZS 38,000 |
||
| 040 |
_aMUL _beng _eAACR |
||
| 082 | 0 | 0 | _a658.1511 EDM |
| 100 | 1 | _aEdmonds, Thomas P. | |
| 245 | 1 | 0 |
_aFundamental managerial accounting concepts / _cThomas P. Edmonds, Bor-Yi Tsay, Philip R. Olds. |
| 250 | _a4th ed. | ||
| 260 |
_aBoston : _bMcGraw-Hill/ Irwin, _cc2008. |
||
| 300 |
_axxxiii, 685 p. : _bcol. ill. ; _c29 cm. |
||
| 500 | _aIncludes index. | ||
| 650 | 0 | _aManagerial accounting. | |
| 700 | 1 | _aTsay, Bor-Yi. | |
| 700 | 1 | _aOlds, Philip R. | |
| 856 | 4 | 2 | _uhttp://www.loc.gov/catdir/enhancements/fy0668/2006028085-d.html |
| 856 | 4 | 1 | _uhttp://www.loc.gov/catdir/enhancements/fy0668/2006028085-t.html |
| 856 | 4 | 2 | _uhttp://www.loc.gov/catdir/enhancements/fy0737/2006028085-b.html |
| 942 | _cBK | ||
| 999 |
_c4584 _d4584 |
||